| 000 | 00408nam a22001577a 4500 | ||
|---|---|---|---|
| 003 | NUST - PNEC | ||
| 005 | 20170116180851.0 | ||
| 008 | 150825b xxu||||| |||| 00| 0 eng d | ||
| 020 | _a0809161951 | ||
| 040 | _cLIBRARY | ||
| 082 | _a613.71 TIM | ||
| 100 |
_95711 _aTime-Life Books |
||
| 245 |
_aSoft workouts: Low-impact exercise _cTime-Life Books |
||
| 650 |
_95713 _aExercise _xGeneral |
||
| 942 |
_2ddc _cBK |
||
| 999 |
_c64631 _d64631 |
||